Informe sobre la situación de los derechos humanos en Suriname

Salvato in:
Dettagli Bibliografici
Enti autori: OEA (Autore), Organización de los Estados Americanos (Autore)
Natura: Libro
Lingua:spagnolo
Pubblicazione: Washington, D.C Secretaria General OEA 1983
Soggetti:
Tags: Aggiungi Tag
Nessun Tag, puoi essere il primo ad aggiungerne!!

MARC

LEADER 00000nam a2200000 a 4500
001 UCR2947
003 CL-VaPUC
008 980116e19831006US |||||||||||||||||spa|d
082 0 4 |a 323.4  |b OEA  |2 21 
110 2 |a OEA  |e author  |9 401490 
710 2 |a Organización de los Estados Americanos  |e author  |9 401491 
245 1 0 |a Informe sobre la situación de los derechos humanos en Suriname 
300 |a 48 p 
942 |c BK 
945 |d 19980116 00:00:00  |a crobeson 
260 |a Washington, D.C  |b Secretaria General OEA  |c 1983 
600 0 7 |a OEA  |2 CL-VaPUC  |9 401490 
600 0 7 |a COMISION INTERAMERICANA SOBRE DERECHOS HUMANOS  |2 CL-VaPUC  |9 259252 
650 0 |a Derechos humanos  |9 223025 
650 0 |a Constituciones  |9 255417 
651 7 |a SURINAME  |2 CL-VaPUC  |9 401492 
583 |a last modification  |c 19980116 00:00:00  |k Rodrigo Vera 
999 |c 266068  |d 266066 
952 |0 0  |1 0  |4 0  |6 323_400000000000000_OEA_1983  |7 0  |8 A  |9 297369  |a BIBDER  |b BIBDER  |d 2019-11-20  |i 1933264  |o 323.4 OEA 1983  |p 1933264  |r 2023-01-25  |w 2019-11-20  |y BK  |k DER